| 000 | 00706nam a22002057a 4500 | ||
|---|---|---|---|
| 999 |
_c19257 _d19257 |
||
| 003 | AR-CdUCM | ||
| 008 | 190517b ||||| |||| 00| 0 spa d | ||
| 040 |
_aMUNICIPALIDAD PROVINCIAL DEL CUSCO _cBIBLIOTECA MUNICIPAL DEL CUSCO |
||
| 082 |
_a985.009 / _bJ92 |
||
| 100 |
_aJurado Livano, Rogelio _97283 |
||
| 245 |
_aEl valiente de Tarapaca : _bPrimer héroe de la policía nacional del Perú / |
||
| 260 |
_aLima : _c1992. |
||
| 300 | _a208 páginas ; | ||
| 505 | _aContenido: Semblanza de Mariano Santos -- Héroe olvidado -- Así nació la policía del Perú ... | ||
| 650 |
_aHéroe _940487 |
||
| 650 |
_aBiografías _9148 |
||
| 650 |
_aPerú _935 |
||
| 942 |
_2ddc _cLIBROS |
||
| 945 |
_arah _d2019-05-17 |
||